000 01708nam0a2200337 4500
001 RU\NLR\BIBL_A\022106366
005 20260211103014.0
010 _a978-5-7513-3550-2
_970
021 _aRU
_bКН-П-23-076481
_9КН-П-23-7726
035 _a(NLR Aleph) 022106366
035 _a(RuMoRGB)012402850
090 _a12763111
_c12763111
100 _a20240111d2023 k y0rusy50 ca
101 0 _arus
102 _aRU
105 _aa z 000yy
181 0 _ai3
_baxxe
182 0 _an
200 1 _aАксиология духовной культуры народа саха
_eмонография
_fА. А. Борисова
_gМинистерство науки и высшего образования Российской Федерации, Северо-Восточный федеральный университет имени М. К. Аммосова, Институт языков и культуры народов СВ РФ
203 _aТекст
_bвизуальный
_cнепосредственный
210 _aЯкутск
_cИздательский дом Северо-Восточного федерального университета
_d2023
215 _a219 с.
_cил., цв. ил.
_d21
320 _aБиблиогр.: с. 202-219 (233 назв.)
606 1 _aЯкуты
_xДуховная культура
_92615431
_3RU\NLR\AUTH\661551990
675 _a008(571.56)
_v4
686 1 _aТ3(2Р-6Я)0-7
700 1 _7ca
_8rus
_aБорисова
_bА. А.
_cканд. филос. наук
_f1947-
_gАйталина Андриановна
_9210609
_3RU\NLR\AUTH\770210665
942 _cBOOK
980 _aNB